LEADER 03511 am 2200733 n 450 001 9910214943303321 005 20170307 010 $a2-7099-2310-6 024 7 $a10.4000/books.irdeditions.10192 035 $a(CKB)3710000001633257 035 $a(FrMaCLE)OB-irdeditions-10192 035 $a(oapen)https://directory.doabooks.org/handle/20.500.12854/44174 035 $a(PPN)267950306 035 $a(EXLCZ)993710000001633257 100 $a20170608j|||||||| ||| 0 101 0 $afre 135 $auu||||||m|||| 181 $ctxt$2rdacontent 182 $cc$2rdamedia 183 $acr$2rdacarrier 200 13$aLe coton des paysans $eUne révolution agricole (Côte-d?Ivoire 1880-1999) /$fThomas J. Bassett 210 $aMarseille $cIRD Éditions$d2017 215 $a1 online resource (291 p.) 311 $a2-7099-1494-8 330 $aLes études sur le développement rural en Afrique sont émaillées de récits d'échec, de désenchantement et de crise. Pourtant, la culture du coton est reconnue comme une réussite. Selon une explication répandue, elle serait le résultat d'un développement dirigé, d'une série d'innovations techniques apportées de l'extérieur ; les paysans n'en seraient que les simples exécutants. L'ouvrage propose une autre lecture de cette révolution agricole qui souligne au contraire le rôle actif des paysans. L'histoire agraire et sociale du coton en Côte d'Ivoire est ancrée dans les périodes précoloniale et coloniale. Après l'indépendance, le succès rapide et considérable du coton résulte largement d'initiatives paysannes. Débats conflictuels au sein de la société rurale, expérimentations et pratiques innovantes des planteurs, négociations avec des intervenants externes constituent la trame du changement agricole. Dès lors, c'est tout un ensemble d'enjeux sociaux et culturels qui sous-tend l'histoire récente du coton. Aujourd'hui, dans le cadre de la privatisation, le modèle cotonnier est largement remis en cause en Côte d'Ivoire. Le démantèlement du monopole cotonnier offre la possibilité de nouvelles initiatives aux paysans, qui défendent leurs intérêts, s'organisent en coopératives et ajustent leurs façons de cultiver. Ils s'affichent comme les acteurs principaux de leur développement. 517 $aLe coton des paysans 517 $acoton des paysans 606 $aEnvironmental studies, Geography & Development 606 $aHistory 606 $acoton 606 $aindustrie 606 $aagriculture 606 $ahistoire coloniale 606 $apaysannerie 606 $amigration 606 $atravail 606 $asystème agraire 606 $adéveloppement rural 610 $acoton 610 $aagriculture 610 $asystème agraire 610 $aindustrie 610 $adéveloppement rural 610 $amigration 610 $atravail 610 $ahistoire coloniale 610 $apaysannerie 615 4$aEnvironmental studies, Geography & Development 615 4$aHistory 615 4$acoton 615 4$aindustrie 615 4$aagriculture 615 4$ahistoire coloniale 615 4$apaysannerie 615 4$amigration 615 4$atravail 615 4$asystème agraire 615 4$adéveloppement rural 700 $aBassett$b Thomas J$0303723 801 0$bFR-FrMaCLE 906 $aBOOK 912 $a9910214943303321 996 $aLe coton des paysans$93032203 997 $aUNINA LEADER 01462nas 2200433 c 450 001 9910892610403321 005 20260218111824.0 035 $a(DE-599)ZDB3008612-7 035 $a(OCoLC)1347676644 035 $a(DE-101)1204875278 035 $a(CKB)5860000000083163 035 $a(DE-599)3008612-7 035 $a(EXLCZ)995860000000083163 100 $a20200217a20209999 |y | 101 0 $ager 135 $aur||||||||||| 181 $ctxt$2rdacontent 182 $cc$2rdamedia 183 $acr$2rdacarrier 200 10$aKirchliches Amtsblatt der Evangelischen Kirche von Westfalen$hTeil 1 210 31$aBielefeld$cEvangelische Kirche von Westfalen, Landeskirchenamt$d[2020]- 215 $aOnline-Ressource 300 $aGesehen am 30.09.2022 606 $aKirchenrecht$3(DE-588)4030746-3$3https://d-nb.info/gnd/4030746-3$3(DE-101)040307468$9rswk-swf$2gnd 606 $aKirchenverwaltung$3(DE-588)4133860-1$3https://d-nb.info/gnd/4133860-1$3(DE-101)04133860X$9rswk-swf$2gnd 608 $aZeitschrift$2gnd-content 615 7$aKirchenrecht. 615 7$aKirchenverwaltung. 676 $a230 686 $aEvangelische Kirche von Westfalen$2nwbib 686 $aKirchenverwaltung$2nwbib 686 $aKirchenrecht$2nwbib 801 0$b9001 801 1$bDE-101 801 2$b9999 906 $aJOURNAL 912 $a9910892610403321 996 $aKirchliches Amtsblatt der Evangelischen Kirche von Westfalen$94216246 997 $aUNINA